Química
Salvato in:
| Autori principali: | , |
|---|---|
| Natura: | Libro |
| Lingua: | spagnolo |
| Pubblicazione: |
Ciudad de México
Prentice Hall
1996
Ciudad de México Pearson Education 1996 Ciudad de México Addison Wesley 1996 |
| Edizione: | 7a. ed |
| Soggetti: | |
| Tags: |
Aggiungi Tag
Nessun Tag, puoi essere il primo ad aggiungerne!!
|
MARC
| LEADER | 00000nam a2200000 a 4500 | ||
|---|---|---|---|
| 001 | UCH6472 | ||
| 003 | CL-VaPUC | ||
| 008 | 091109e19960000mx |||||||||||||||||spa|d | ||
| 020 | |a 013373630X | ||
| 082 | 0 | 4 | |a 540 |b DAU |2 21 |
| 100 | 0 | |a Daub, William |e author |9 543023 | |
| 700 | 0 | |a Seese, William S |e author |9 543024 | |
| 245 | 1 | 0 | |a Química |
| 250 | |a 7a. ed | ||
| 300 | |a 648 p | ||
| 942 | |c BK | ||
| 945 | |d 20091109 00:00:00 |a ccalabra | ||
| 260 | |a Ciudad de México |b Prentice Hall |c 1996 | ||
| 260 | |a Ciudad de México |b Pearson Education |c 1996 | ||
| 260 | |a Ciudad de México |b Addison Wesley |c 1996 | ||
| 650 | 0 | |a Educación |9 258661 | |
| 650 | 7 | |a CIENCIAS APLICADAS |2 CL-VaPUC |9 360599 | |
| 650 | 0 | |a Ciencias naturales |9 260542 | |
| 650 | 0 | |a Átomos |9 259583 | |
| 650 | 0 | |a Química orgánica |9 259426 | |
| 650 | 7 | |a QUIMICA NUCLEAR |2 CL-VaPUC |9 543025 | |
| 650 | 0 | |a Química inorgánica |9 260154 | |
| 650 | 0 | |a Electroquímica |9 263973 | |
| 583 | |a last modification |c 20171205 01:29:44 |k Rodrigo Vera | ||
| 999 | |c 337353 |d 337351 | ||